1001 1246 1639 1742 1413 1890 1287 1777 1408 1708 1164 1507 1390 1067 1121 1650 1618 1359 1824 1294 1223 1560 1815 1218 1932 1710 1362 1948 1009 1867 1987 1253 1413 1861 1714 1475 1340 1447 1370 1377 1592 1397 1305 1708 1358 1445 1090 1949 1311 1741 1965 1962 1249 1459 1075 1921 1925 1623 1662 1544 1904 1364 1688 1497 1121 1023 1453 1390 1395 1322 1686 1137 1561 1839 1089 1242 1372 1988 1919 1058 1722 1125 1068 1879 1364 1933 1444 1660 1830 1228 1882 1914 1077 1313 1384 1035 1455 1282 1677 BCNSPRNW ULIB Ver.6.0+V

เปลี่ยนเป็นภาษาไทย

Change to English
 แสดงรายละเอียดบรรณานุกรม
  กลับหน้าหลัก

Brief Record : Get Marc (ISO 2709) : E-mail record : QR code < ปิดหน้าต่าง
LEADER : 00000nam 2200000uu 4500
001    13399110347
003     ULIB
008    110429s2542||||th 000 0 tha d
020    9742919305
060 04 WI407^bส598ค 2542
245 00 คู่มือการป้องกันและควบคุมโรคอุจจาระร่วงอย่างแรง /^cผู้เรียบเรียง, ธวัช จายนียโยธิน ... [และคนอื่นๆ]
250    พิมพ์ครั้งที่ 1
260    [นนทบุรี] :^bกองโรคติดต่อทั่วไป กรมควบคุมโรคติดต่อ,^c2542
300    187 หน้า :^bภาพประกอบ (ภาพสีบางภาพ) ;^c26 ซม
650  2 Diarrhea^xprevention & control
650  7 ท้องร่วง^xการป้องกันและควบคุม
650  7 ท้องร่วง^xการป้องกันและควบคุม^xคู่มือ
700 0  ธวัช จายนียโยธิน
710 2  กรมควบคุมโรคติดต่อ. ^bกองโรคติดต่อทั่วไป
945    ^p0^l0^i012078
945    ^p0^l0^i012076
945    ^p0^l0^i012074
945    ^p0^l0^i012077
945    ^p0^l0^i012075
995    ทศพร
999 ^a ใช้งานได้ทุกระบบ
รายการนี้ยังไม่มีแท็ก
คุณยังไม่ได้ล็อกอิน คุณสามารถมีกิจกรรมร่วมกับเว็บไซต์ได้ แต่ต้องล็อกอินก่อน ::
  ล็อกอิน

รายการสื่อสารสนเทศ

ลำดับที่ ประเภท เลขเรียก/บาร์โค้ด สถานที่ สถานะ
- ไม่พบข้อมูล -

BibComment


ยังไม่เคยถูกคอมเมนท์

คอมเมนท์ทรัพยากรรายการนี้
  คอมเมนท์: คู่มือการป้องกันแ..


 Copyright 2026. Bcnsprnw @Library